Concepts of classical optics /

Saved in:
Bibliographic Details
Main Author: Strong, John, 1905-
Format: Book
Language:English
Published: San Francisco : W.H. Freeman, c1958.
Series:Series of books in physics
Subjects:
LEADER 00984cam a2200277 a 4500
001 c000189547
003 CARM
005 20051212150544.0
008 730102s1958 caua 000 0 eng
010 |a 57006918 
019 1 |a 637306  |z 21938715  |z 25028666  |5 LACONCORD2021 
035 |a (OCoLC)535613  |5 LACONCORD2021 
040 |a LC  |b eng  |c LC  |d ABN-SNR 
050 0 0 |a QC355  |b .S82 
082 0 0 |a 535.2  |2 20 
082 0 4 |a 535 
100 1 |a Strong, John,  |d 1905- 
245 1 0 |a Concepts of classical optics /  |c John Strong ; illustrations by Roger Hayward. 
260 |a San Francisco :  |b W.H. Freeman,  |c c1958. 
300 |a xvi, 692 p. :  |b ill. ;  |c 25 cm. 
440 0 |a Series of books in physics 
500 |a Includes index. 
650 0 |a Physical optics. 
852 8 |b CARM  |h A2:AM31B0  |i B05842  |p 0273979  |f BK 
999 f f |i 03040dc7-810b-52c5-925d-1f14e5cebd2a  |s d31e156e-3514-5431-844e-904a0af85eaa 
952 f f |p Can circulate  |a CAVAL  |b CAVAL  |c CAVAL  |d CARM 1 Store  |e B05842  |f A2:AM31B0  |h Other scheme  |i book  |m 0273979